[Event "LSS WC-2011-S-00010"]
[Site "LSS email"]
[Date "2008.10.20"]
[Round "?"]
[White "Dutra Neto, Alfredo Carlos S"]
[Black "Norberg, Michael"]
[Result "1-0"]
[WhiteElo "2510"]
[BlackElo "2238"]
[PlyCount "85"]
[EventDate "2008.10.23"]
[EventType "tourn (corr)"]
[EventRounds "10"]
[EventCountry "GER"]
[SourceTitle "Corr 2011"]
[Source "ChessBase"]
[SourceDate "2010.08.31"]
[SourceVersion "1"]
[SourceVersionDate "2010.08.31"]
[SourceQuality "1"]

1. d4 Nf6 2. Nf3 e6 3. c4 c5 4. Nc3 cxd4 5. Nxd4 Nc6 6. a3 d5 7. cxd5 exd5 8. Bg5 Bc5 9. e3 0-0 10. Be2 Bxd4 11. exd4 h6 12. Bh4 Qd6 13. Bg3 Qe7 14. 0-0 Ne4 15. Bf3 Nxg3 16. hxg3 Be6 17. Nxd5 Qd8 18. Nf4 Nxd4 19. Nxe6 fxe6 20. Be4 Qb6 21. Qg4 Rad8 22. Rad1 a5 23. Bd3 a4 24. Qe4 Rf6 25. Kh1 g6 26. Qe3 Kg7 27. Rc1 Qd6 28. Rfd1 e5 29. Bb5 Qe7 30. Bxa4 b5 31. Bb3 Nxb3 32. Qxb3 Rxf2 33. Qxb5 Rf5 34. Qb6 Rxd1+ 35. Rxd1 Rf7 36. Qe3 e4 37. Re1 Qe5 38. b4 Re7 39. a4 Qd6 40. Qc3+ Qf6 41. Qxf6+ Kxf6 42. b5 Ke5 43. b6 1-0

[Event "LSS WC-2011-S-00010"]
[Site "LSS email"]
[Date "2008.10.20"]
[Round "?"]
[White "Szabo, Vilmos"]
[Black "Norberg, Michael"]
[Result "1-0"]
[WhiteElo "2391"]
[BlackElo "2262"]
[PlyCount "71"]
[EventDate "2008.10.23"]
[EventType "tourn (corr)"]
[EventRounds "10"]
[EventCountry "GER"]
[SourceTitle "Corr 2011"]
[Source "ChessBase"]
[SourceDate "2010.08.31"]
[SourceVersion "1"]
[SourceVersionDate "2010.08.31"]
[SourceQuality "1"]

1. d4 Nf6 2. c4 e6 3. Nf3 c5 4. d5 b5 5. Bg5 exd5 6. cxd5 h6 7. Bxf6 Qxf6 8. Qc2 d6 9. e4 a6 10. a4 b4 11. Nbd2 Nd7 12. Bd3 g5 13. 0-0 g4 14. e5 Qg7 15. Nd4 Nxe5 16. Rae1 Be7 17. Rxe5 dxe5 18. Nc6 f5 19. Bxf5 0-0 20. Bxc8 Raxc8 21. Qc4 Kh8 22. Ne4 Qh7 23. b3 h5 24. Re1 a5 25. Nxa5 h4 26. Nc6 h3 27. Qe2 Rce8 28. g3 Qf5 29. Rd1 Qf3 30. Qxf3 Rxf3 31. Kf1 Bd8 32. d6 Kg8 33. d7 Ref8 34. Ke1 Bc7 35. Nxe5 Bxe5 36. d8Q 1-0

[Event "IECG CM.2007.0.00315"]
[Site "IECG email"]
[Date "2007.11.04"]
[Round "?"]
[White "Norberg, Michael"]
[Black "Fages, Jorge"]
[Result "1-0"]
[WhiteElo "2264"]
[BlackElo "2090"]
[PlyCount "77"]
[EventDate "2007.11.04"]
[EventType "tourn (corr)"]
[EventRounds "6"]
[SourceTitle "Corr 2024"]
[Source "ChessBase"]
[SourceDate "2023.10.19"]
[SourceVersion "1"]
[SourceVersionDate "2023.10.19"]
[SourceQuality "1"]

1. d4 Nf6 2. Bg5 Ne4 3. Bf4 c5 4. f3 Qa5+ 5. c3 Nf6 6. d5 Qb6 7. e4 Qxb2 8. Nd2 Qxc3 9. Bc7 e6 10. Rc1 Qe3+ 11. Ne2 b5 12. Bf4 Qa3 13. Nc3 a6 14. Bxb5 axb5 15. Nxb5 Qa5 16. Nc7+ Kd8 17. Nxa8 Qxa8 18. Nc4 exd5 19. exd5 Bb7 20. d6 Bd5 21. 0-0 Be6 22. Re1 Qa6 23. Re5 Bxc4 24. Rxc5 Bd5 25. Rxd5 Nxd5 26. Qxd5 f6 27. Re1 h6 28. h3 Qb6+ 29. Kh1 Qa6 30. Bg3 Nc6 31. Bf2 Ne5 32. Bb6+ Ke8 33. f4 Qxb6 34. fxe5 f5 35. Rc1 Qa6 36. Rb1 Be7 37. a4 Bd8 38. e6 dxe6 39. Qxe6+ 1-0

[Event "IECG CM.2000.0.00098"]
[Site "IECG email"]
[Date "2000.??.??"]
[Round "?"]
[White "Norberg, Michael"]
[Black "Scheuermann, Bernhard"]
[Result "1/2-1/2"]
[WhiteElo "2253"]
[BlackElo "2227"]
[PlyCount "76"]
[EventDate "2000.01.30"]
[EventType "tourn (corr)"]
[EventRounds "6"]
[SourceTitle "Corr 2008"]
[Source "ChessBase"]
[SourceDate "2008.06.24"]
[SourceVersion "1"]
[SourceVersionDate "2008.06.24"]
[SourceQuality "1"]

1. e4 c5 2. Nf3 d6 3. d4 cxd4 4. Nxd4 Nf6 5. Nc3 a6 6. f3 e6 7. Be3 b5 8. g4 h6 9. Qd2 Nbd7 10. 0-0-0 Bb7 11. h4 b4 12. Na4 Qa5 13. b3 Nc5 14. a3 Nxa4 15. axb4 Qc7 16. bxa4 d5 17. e5 Nd7 18. f4 Nb6 19. f5 Nxa4 20. fxe6 Nc3 21. exf7+ Kxf7 22. Bd3 Bxb4 23. Rdf1+ Kg8 24. Qf2 Ba3+ 25. Kd2 Ne4+ 26. Bxe4 dxe4 27. g5 Bd5 28. gxh6 Qa5+ 29. Kd1 Bb2 30. Qf4 Rxh6 31. Nf5 Re6 32. Nxg7 Rg6 33. Rfg1 Rd8 34. Rxg6 Bc4+ 35. Rd6 Rxd6+ 36. exd6 Qa1+ 37. Bc1 Bxc1 38. Qxc1 Qd4+ 1/2-1/2

[Event "IECG CM.2000.0.00098"]
[Site "IECG email"]
[Date "2000.??.??"]
[Round "?"]
[White "Tucci, Aniello"]
[Black "Norberg, Michael"]
[Result "0-1"]
[WhiteElo "2288"]
[BlackElo "2253"]
[PlyCount "34"]
[EventDate "2000.01.30"]
[EventType "tourn (corr)"]
[EventRounds "6"]
[SourceTitle "Corr 2008"]
[Source "ChessBase"]
[SourceDate "2008.06.24"]
[SourceVersion "1"]
[SourceVersionDate "2008.06.24"]
[SourceQuality "1"]

1. e4 c5 2. f4 d5 3. exd5 Nf6 4. Bb5+ Bd7 5. Bxd7+ Qxd7 6. c4 e6 7. Qe2 Bd6 8. d3 0-0 9. dxe6 fxe6 10. Nf3 Nc6 11. 0-0 e5 12. f5 Rae8 13. Nc3 Nd4 14. Qd1 Nxf5 15. Bg5 Ng4 16. Nd2 Nge3 17. Bxe3 Nxe3 0-1

[Event "IECG CM.1999.0.00071"]
[Site "IECG email"]
[Date "1999.??.??"]
[Round "?"]
[White "Fiala, Jaroslav"]
[Black "Norberg, Michael"]
[Result "1-0"]
[WhiteElo "2250"]
[BlackElo "2300"]
[PlyCount "73"]
[EventDate "1999.02.26"]
[EventType "tourn (corr)"]
[EventRounds "6"]
[SourceTitle "Corr 2008"]
[Source "ChessBase"]
[SourceDate "2008.06.24"]
[SourceVersion "1"]
[SourceVersionDate "2008.06.24"]
[SourceQuality "1"]

1. d4 d5 2. Nf3 c6 3. c4 dxc4 4. g3 Nf6 5. Bg2 b5 6. a4 Bb7 7. Ne5 a6 8. 0-0 e6 9. b3 cxb3 10. Bb2 Qb6 11. Qxb3 Nbd7 12. Nd3 Bd6 13. Nd2 0-0 14. Qc2 Rfc8 15. Rfc1 Nd5 16. Nc5 Bxc5 17. dxc5 Qc7 18. Ne4 Rd8 19. Ra3 b4 20. Rf3 f6 21. Bh3 Nf8 22. Nd6 Rab8 23. e4 Ne7 24. Qb3 Bc8 25. e5 f5 26. Bxf5 Nxf5 27. Rxf5 a5 28. h4 Ba6 29. h5 h6 30. Rxf8+ Rxf8 31. Qxe6+ Kh8 32. Qg6 Qe7 33. e6 Kg8 34. Be5 Ra8 35. Re1 Ra7 36. f4 Qd8 37. Kh2 1-0

[Event "IECG CM.1999.0.00075"]
[Site "IECG email"]
[Date "1999.??.??"]
[Round "?"]
[White "Halwick, Floyd J Jr"]
[Black "Norberg, Michael"]
[Result "1/2-1/2"]
[WhiteElo "2340"]
[BlackElo "2300"]
[PlyCount "98"]
[EventDate "1999.04.08"]
[EventType "tourn (corr)"]
[EventRounds "6"]
[SourceTitle "Corr 2008"]
[Source "ChessBase"]
[SourceDate "2008.06.24"]
[SourceVersion "1"]
[SourceVersionDate "2008.06.24"]
[SourceQuality "1"]

1. e4 c5 2. Nf3 Nc6 3. Bb5 e6 4. 0-0 Nge7 5. Re1 Nd4 6. Nxd4 cxd4 7. c3 Nc6 8. d3 g6 9. Bf4 Bg7 10. Qc1 e5 11. Bg5 Qb6 12. Na3 h6 13. Bh4 0-0 14. Bxc6 dxc6 15. Nc4 Qa6 16. Bg3 Re8 17. a4 c5 18. cxd4 cxd4 19. f4 exf4 20. Bxf4 Be6 21. Nd6 Red8 22. Nb5 Rac8 23. Qd2 g5 24. Nc7 Qc6 25. Bg3 Bg4 26. Rf1 Rf8 27. h3 Be6 28. Rfc1 Qd7 29. Qa5 Bxh3 30. gxh3 Qxh3 31. Qe1 f5 32. Bd6 f4 33. Qf1 Qg3+ 34. Qg2 Qe3+ 35. Qf2 Rfd8 36. Qxe3 dxe3 37. e5 f3 38. d4 g4 39. Nd5 Rxc1+ 40. Rxc1 e2 41. Kf2 h5 42. Ne7+ Kf7 43. Nf5 Bf8 44. Bxf8 Rxf8 45. Rg1 Kg6 46. Nh4+ Kg5 47. Nxf3+ Rxf3+ 48. Kxe2 Rf4 49. Kd3 h4 1/2-1/2

[Event "IECG CM.1999.0.00075"]
[Site "IECG email"]
[Date "1999.??.??"]
[Round "?"]
[White "Hardy, David G"]
[Black "Norberg, Michael"]
[Result "1/2-1/2"]
[WhiteElo "2250"]
[BlackElo "2300"]
[PlyCount "76"]
[EventDate "1999.04.08"]
[EventType "tourn (corr)"]
[EventRounds "6"]
[SourceTitle "Corr 2008"]
[Source "ChessBase"]
[SourceDate "2008.06.24"]
[SourceVersion "1"]
[SourceVersionDate "2008.06.24"]
[SourceQuality "1"]

1. e4 c5 2. Nf3 Nc6 3. d4 cxd4 4. Nxd4 e5 5. Nb5 a6 6. Nd6+ Bxd6 7. Qxd6 Qf6 8. Qd1 Qg6 9. Nc3 d5 10. Nxd5 Qxe4+ 11. Be3 Nd4 12. Nc7+ Ke7 13. Rc1 Bg4 14. Qd3 Qxd3 15. Bxd3 Rd8 16. h3 Bh5 17. f4 Kd6 18. Nxa6 bxa6 19. g4 Bg6 20. f5 Bxf5 21. gxf5 Ne7 22. Bxd4 exd4 23. Kd2 Rb8 24. b3 Nd5 25. Rhg1 g6 26. Rcf1 Rhf8 27. Rg4 Kc5 28. Rh4 Rh8 29. a3 a5 30. fxg6 hxg6 31. Rxh8 Rxh8 32. Rxf7 Rxh3 33. Bxg6 Nc3 34. Rf5+ Kb6 35. Rf1 Kc5 36. Bd3 Rh2+ 37. Kc1 Rh5 38. Kb2 Re5 1/2-1/2

[Event "IECG CM.1999.0.00071"]
[Site "IECG email"]
[Date "1999.??.??"]
[Round "?"]
[White "Norberg, Michael"]
[Black "Culp, Barry N"]
[Result "1/2-1/2"]
[WhiteElo "2300"]
[BlackElo "2304"]
[PlyCount "111"]
[EventDate "1999.02.26"]
[EventType "tourn (corr)"]
[EventRounds "6"]
[SourceTitle "Corr 2008"]
[Source "ChessBase"]
[SourceDate "2008.06.24"]
[SourceVersion "1"]
[SourceVersionDate "2008.06.24"]
[SourceQuality "1"]

1. d4 Nf6 2. c4 g6 3. Nc3 d5 4. cxd5 Nxd5 5. e4 Nxc3 6. bxc3 Bg7 7. Nf3 c5 8. Rb1 0-0 9. Be2 cxd4 10. cxd4 Qa5+ 11. Bd2 Qxa2 12. 0-0 b6 13. Bg5 Bb7 14. Rc1 Bxe4 15. Bxe7 Re8 16. Bc4 Qa5 17. Bc5 bxc5 18. Ng5 Re7 19. Nxe4 Nc6 20. dxc5 Rxe4 21. Qf3 Re7 22. Qxc6 Rd8 23. Qf3 Bd4 24. c6 Rd6 25. Rc2 Kg7 26. g3 Rf6 27. Qd5 Bc5 28. Bb3 Rf5 29. Qd3 Qb6 30. Bd5 Ree5 31. Bg2 Rf6 32. Kh1 Re7 33. Qc4 Bd6 34. f4 Bc7 35. Qc3 Qa5 36. Qb2 Re8 37. Rd2 Rb8 38. Qc2 Rd6 39. Rxd6 Bxd6 40. f5 Be5 41. Qf2 Rb2 42. f6+ Kf8 43. Qe3 Qd2 44. Qxd2 Rxd2 45. Bf3 Bc7 46. Bg4 Rc2 47. Bd7 Be5 48. g4 Rxh2+ 49. Kg1 Rc2 50. g5 h6 51. Re1 Bd4+ 52. Kh1 Kg8 53. Re4 Bb6 54. Re8+ Kh7 55. Re7 hxg5 56. Rxf7+ 1/2-1/2

[Event "IECG CP.1998.Q.00015"]
[Site "IECG email"]
[Date "1999.??.??"]
[Round "?"]
[White "Norberg, Michael"]
[Black "Evans, Gordon R"]
[Result "0-1"]
[WhiteElo "2248"]
[BlackElo "2192"]
[PlyCount "96"]
[EventDate "1999.10.01"]
[EventType "tourn (corr)"]
[EventRounds "8"]
[EventCountry "ENG"]
[SourceTitle "Corr 2008"]
[Source "ChessBase"]
[SourceDate "2008.06.24"]
[SourceVersion "1"]
[SourceVersionDate "2008.06.24"]
[SourceQuality "1"]

1. f4 d5 2. Nf3 Nf6 3. b3 g6 4. Bb2 Bg7 5. g3 0-0 6. Bg2 c5 7. e3 Nc6 8. 0-0 Bf5 9. d3 Ng4 10. Bxg7 Kxg7 11. Re1 d4 12. exd4 cxd4 13. Qd2 Qd6 14. a4 Qc5 15. Na3 Ne3 16. Bh1 Rad8 17. c3 Ng4 18. cxd4 Nxd4 19. Qb2 e5 20. Nxd4 Rxd4 21. Rac1 Rc4+ 22. d4 Rxc1 23. Rxc1 Qxd4+ 24. Qxd4 exd4 25. Bxb7 d3 26. Bf3 Rb8 27. Nc4 Rxb3 28. Bxg4 Bxg4 29. Kf2 Rb4 30. Ke3 Rxa4 31. Kxd3 Ra2 32. Ne3 Be6 33. h4 a5 34. Ke4 a4 35. f5 gxf5+ 36. Nxf5+ Kf6 37. Rf1 a3 38. Nd4+ Kg6 39. Re1 Rb2 40. Ra1 a2 41. Nxe6 fxe6 42. g4 Kf6 43. Rf1+ Ke7 44. Ra1 Rb4+ 45. Ke5 Ra4 46. g5 Kf7 47. Kd6 Ra6+ 48. Ke5 Kg6 0-1

[Event "IECG CM.1998.0.00056"]
[Site "IECG email"]
[Date "1998.??.??"]
[Round "?"]
[White "Merlini, Dusan"]
[Black "Norberg, Michael"]
[Result "1/2-1/2"]
[WhiteElo "2254"]
[BlackElo "2300"]
[PlyCount "77"]
[EventDate "1998.09.07"]
[EventType "tourn (corr)"]
[EventRounds "6"]
[SourceTitle "Corr 2008"]
[Source "ChessBase"]
[SourceDate "2008.06.24"]
[SourceVersion "1"]
[SourceVersionDate "2008.06.24"]
[SourceQuality "1"]

1. e4 c5 2. Nf3 Nc6 3. d4 cxd4 4. Nxd4 e5 5. Nb5 a6 6. Nd6+ Bxd6 7. Qxd6 Qf6 8. Qxf6 Nxf6 9. Nc3 d5 10. Bg5 d4 11. Bxf6 dxc3 12. Bxg7 Rg8 13. Bh6 Nb4 14. 0-0-0 Rg6 15. Be3 Nxa2+ 16. Kb1 Be6 17. Rd6 Nb4 18. Bc5 Nc6 19. bxc3 Rc8 20. Kb2 Na5 21. Bb4 Nc4+ 22. Bxc4 Bxc4 23. Rxg6 hxg6 24. h4 Kd7 25. h5 gxh5 26. Rxh5 Re8 27. f3 b6 28. Kc1 a5 29. Ba3 b5 30. g4 Re6 31. Rf5 Re8 32. Rh5 f6 33. Rh6 Re6 34. Kd2 a4 35. Rh7+ Kc6 36. Rh8 Kc7 37. Rh3 Kb6 38. Rh2 Re8 39. Rh6 1/2-1/2

[Event "IECG CM.1998.0.00056"]
[Site "IECG email"]
[Date "1998.??.??"]
[Round "?"]
[White "Norberg, Michael"]
[Black "Braakhuis, Wilfried FR"]
[Result "1/2-1/2"]
[WhiteElo "2300"]
[BlackElo "2376"]
[PlyCount "101"]
[EventDate "1998.09.07"]
[EventType "tourn (corr)"]
[EventRounds "6"]
[SourceTitle "Corr 2008"]
[Source "ChessBase"]
[SourceDate "2008.06.24"]
[SourceVersion "1"]
[SourceVersionDate "2008.06.24"]
[SourceQuality "1"]

1. d4 Nc6 2. Nf3 d5 3. c4 Bg4 4. Qa4 Bxf3 5. exf3 e6 6. Nc3 Nge7 7. Be3 g6 8. cxd5 exd5 9. Bb5 Bg7 10. Bg5 f6 11. Be3 0-0 12. 0-0 f5 13. Bg5 Qd6 14. Rfe1 a6 15. Bxc6 Nxc6 16. Rad1 f4 17. Ne2 Rf5 18. Bxf4 Rxf4 19. Nxf4 Qxf4 20. Qb3 Rd8 21. Qxb7 Nxd4 22. Rd3 Bf8 23. Red1 c5 24. Qxa6 Bd6 25. g3 Nxf3+ 26. Kg2 Nh4+ 27. Kf1 Qe4 28. gxh4 Re8 29. Re3 Qh1+ 30. Ke2 Rxe3+ 31. fxe3 Qxh2+ 32. Kd3 c4+ 33. Kc3 Be5+ 34. Kb4 Bd6+ 35. Kb5 Qxb2+ 36. Kc6 Qf6 37. Qa4 Qe6 38. Kb7 Bc5 39. Qa8+ Kg7 40. Qd8 Qf7+ 41. Kc6 Bxe3 42. Rxd5 Kh6 43. h5 g5 44. Rd6+ Kxh5 45. Rf6 Qg7 46. Qe8+ Kh4 47. Qe5 g4 48. Qh2+ Kg5 49. Rd6 Kf5 50. Qc2+ Kg5 51. Qxc4 1/2-1/2